[Event "Wch U14 Girls blitz"]
[Site "Terme Catez"]
[Date "2024.12.16"]
[Round "15"]
[White "Brunner, Josephina Akiko"]
[Black "Tokarz, Gabriela"]
[Result "0-1"]
[WhiteElo "1720"]
[BlackElo "1833"]
[PlyCount "90"]
[EventDate "2024.12.16"]
[EventType "swiss (blitz)"]
[EventRounds "22"]
[EventCountry "SLO"]
[SourceTitle "CB51_2024"]
[SourceDate "2024.12.18"]
[SourceVersion "1"]
[SourceVersionDate "2024.12.18"]
[SourceQuality "1"]

1. e4 c5 2. Nf3 e6 3. d4 cxd4 4. Nxd4 Nc6 5. Nc3 Qc7 6. Be3 a6 7. Qd2 Nf6 8. f4 Bb4 9. Bd3 d6 10. a3 Bxc3 11. bxc3 0-0 12. h3 e5 13. Nxc6 Qxc6 14. 0-0 Nxe4 15. Bxe4 Qxe4 16. Rae1 Qc6 17. Rd1 Be6 18. f5 Bc4 19. Rf3 f6 20. Rg3 Qe4 21. Bh6 Rf7 22. Qxd6 Raf8 23. Qd2 Qxf5 24. Qf2 Qxf2+ 25. Kxf2 Kh8 26. Be3 f5 27. Rf3 e4 28. Rf4 Kg8 29. h4 h6 30. g4 fxg4 31. Rxf7 Rxf7+ 32. Kg2 Be2 33. Rd8+ Kh7 34. Rd4 Bf3+ 35. Kg3 Rc7 36. c4 b5 37. cxb5 axb5 38. Rd2 Rf7 39. Bf4 Re7 40. Rd6 Rb7 41. Rd2 Ra7 42. Rd4 Rxa3 43. Rb4 Rc3 44. Rxb5 Rxc2 45. Re5 Rg2# 0-1

[Event "Wch U14 Girls blitz"]
[Site "Terme Catez"]
[Date "2024.12.16"]
[Round "1"]
[White "Zagorac, Lara"]
[Black "Brunner, Josephina Akiko"]
[Result "1-0"]
[WhiteElo "2031"]
[BlackElo "1720"]
[PlyCount "71"]
[EventDate "2024.12.16"]
[EventType "swiss (blitz)"]
[EventRounds "22"]
[EventCountry "SLO"]
[SourceTitle "CB51_2024"]
[SourceDate "2024.12.18"]
[SourceVersion "1"]
[SourceVersionDate "2024.12.18"]
[SourceQuality "1"]

1. d4 Nf6 2. Nf3 g6 3. c4 Bg7 4. g3 0-0 5. Bg2 d6 6. 0-0 Bf5 7. Nc3 c5 8. dxc5 dxc5 9. Ne5 Qc8 10. Qb3 Nc6 11. Nxc6 bxc6 12. Be3 Nd7 13. Qa4 Rb8 14. Qa3 Nb6 15. Qxc5 Bxc3 16. bxc3 Na4 17. Qxc6 Qxc6 18. Bxc6 Nxc3 19. Bxa7 Rbc8 20. Bf3 Rxc4 21. a3 Rfc8 22. Be3 Nb5 23. a4 Nc3 24. a5 Nb5 25. a6 R4c7 26. a7 Nxa7 27. Rxa7 Rxa7 28. Bxa7 Rc7 29. Be3 Bh3 30. Bg2 Bg4 31. f3 Be6 32. Kf2 Rc2 33. Rd1 Bc4 34. Rd2 Rc3 35. Rd8+ Kg7 36. Bd4+ 1-0

[Event "AUT-ch U14 Girls"]
[Site "Fuerstenfeld"]
[Date "2024.06.01"]
[Round "6"]
[White "Brunner, Josephina Akiko"]
[Black "Spangl, Marilena"]
[Result "1-0"]
[WhiteElo "1748"]
[BlackElo "1596"]
[PlyCount "45"]
[EventDate "2024.05.30"]
[EventType "swiss"]
[EventRounds "7"]
[EventCountry "AUT"]
[SourceTitle "CBM 220 Extra"]
[Source "ChessBase"]
[SourceDate "2024.07.31"]
[SourceVersion "1"]
[SourceVersionDate "2024.07.31"]
[SourceQuality "1"]

1. e4 c6 2. Nc3 d5 3. Nf3 Bg4 4. h3 Bxf3 5. Qxf3 dxe4 6. Nxe4 e6 7. Be2 Nd7 8. d4 Ngf6 9. 0-0 Nxe4 10. Qxe4 Nf6 11. Qd3 Bd6 12. c3 0-0 13. Bf3 Qc7 14. Re1 Rfd8 15. Be3 c5 16. Qb5 cxd4 17. Bxd4 Rd7 18. g3 Nd5 19. Bxd5 exd5 20. Qe2 a6 21. Qg4 f6 22. Bxf6 Qb6 23. Qxd7 1-0

[Event "AUT-ch U14 Girls"]
[Site "Fuerstenfeld"]
[Date "2024.05.31"]
[Round "4"]
[White "Turdiyeva, Maryam"]
[Black "Brunner, Josephina Akiko"]
[Result "1/2-1/2"]
[WhiteElo "1684"]
[BlackElo "1748"]
[PlyCount "158"]
[EventDate "2024.05.30"]
[EventType "swiss"]
[EventRounds "7"]
[EventCountry "AUT"]
[SourceTitle "CBM 220 Extra"]
[Source "ChessBase"]
[SourceDate "2024.07.31"]
[SourceVersion "1"]
[SourceVersionDate "2024.07.31"]
[SourceQuality "1"]

1. d4 Nf6 2. Nf3 g6 3. Nc3 d5 4. Bf4 Bg7 5. e3 0-0 6. Be2 c5 7. 0-0 cxd4 8. exd4 Nc6 9. Re1 Bf5 10. h3 Ne4 11. Bd3 Nxc3 12. bxc3 Bxd3 13. cxd3 Rc8 14. Qb3 Qd7 15. Rab1 b6 16. Rbc1 Na5 17. Qa3 Rfe8 18. Ne5 Bxe5 19. Rxe5 Nc6 20. Re3 Qf5 21. Rf3 Qd7 22. h4 e5 23. dxe5 Nxe5 24. Rg3 Ng4 25. Qb2 Qe6 26. Qd2 Nf6 27. Bg5 Nh5 28. Re3 Qd7 29. Rce1 Rxe3 30. Qxe3 Ng7 31. Qd4 Ne6 32. Qe5 Nxg5 33. hxg5 Qc7 34. Qd4 Qd7 35. Re3 Qd8 36. Qh4 h5 37. Rh3 Kg7 38. g4 Qh8 39. gxh5 gxh5 40. Qd4+ Kg6 41. Qxd5 Qxc3 42. Qd6+ Kg7 43. Qh6+ Kg8 44. Qxh5 Qc1+ 45. Kh2 Qc7+ 46. Kg2 Qc6+ 47. f3 Qc2+ 48. Kg3 Qc7+ 49. f4 Qc3 50. Qh7+ Kf8 51. Qh8+ Ke7 52. Qxc3 Rxc3 53. Kg4 Ra3 54. Re3+ Kf8 55. Kf5 Rxa2 56. Kf6 Rc2 57. d4 Rc6+ 58. Kf5 a5 59. d5 Rd6 60. Ke5 Ke7 61. Kd4+ Kd7 62. f5 Kd8 63. Rh3 a4 64. Ra3 b5 65. Kc5 Kd7 66. Rd3 Ra6 67. Kxb5 Ra8 68. Kb4 Rg8 69. Rg3 Kd6 70. Kc4 a3 71. Rxa3 Rxg5 72. Ra6+ Kd7 73. Ra7+ Ke8 74. f6 Rf5 75. Ra6 Rf1 76. Ra8+ Kd7 77. Ra7+ Ke8 78. Ra6 Kd7 79. Ra7+ Ke8 1/2-1/2

[Event "AUT-ch U16 Girls"]
[Site "Leibnitz"]
[Date "2024.03.26"]
[Round "5"]
[White "Poetscher, Katharina"]
[Black "Brunner, Josephina Akiko"]
[Result "1-0"]
[WhiteElo "1794"]
[BlackElo "1697"]
[PlyCount "71"]
[EventDate "2024.03.24"]
[EventType "swiss"]
[EventRounds "7"]
[EventCountry "AUT"]
[SourceTitle "EXT 2025"]
[Source "ChessBase"]
[SourceDate "2024.10.14"]
[SourceVersion "1"]
[SourceVersionDate "2024.10.14"]
[SourceQuality "1"]

1. e4 e5 2. Nf3 Nc6 3. Bb5 a6 4. Ba4 Nf6 5. 0-0 Be7 6. Re1 b5 7. Bb3 0-0 8. d4 Nxd4 9. Nxd4 exd4 10. e5 Ne8 11. Qxd4 Bb7 12. c3 d6 13. e6 fxe6 14. Bxe6+ Kh8 15. Nd2 Bh4 16. g3 Be7 17. Ne4 d5 18. Nc5 Bxc5 19. Qxc5 Qf6 20. Bg5 Qf3 21. Bf4 Nd6 22. Re3 Qh5 23. Qxc7 Rxf4 24. gxf4 Qg6+ 25. Rg3 Qf6 26. Qxd6 Re8 27. Qd7 Rxe6 28. Qxb7 h6 29. Qxd5 Rd6 30. Qe5 Qf8 31. Re1 Rd8 32. Qe7 Qg8 33. Kf1 Qc4+ 34. Kg1 Qg8 35. Re6 Rd1+ 36. Kg2 1-0